[Event "TUR-chT2"]
[Site "Konya"]
[Date "2018.07.12"]
[Round "4.12"]
[White "Agun, Lutfiye Selva"]
[Black "Bektas, Yaren"]
[Result "0-1"]
[WhiteElo "1539"]
[BlackElo "1173"]
[PlyCount "54"]
[EventDate "2018.07.10"]
[EventType "team-swiss"]
[EventRounds "9"]
[EventCountry "TUR"]
[SourceTitle "EXT 2019"]
[Source "ChessBase"]
[SourceDate "2018.10.10"]
[SourceVersion "1"]
[SourceVersionDate "2018.10.10"]
[SourceQuality "1"]
[WhiteTeam "Sakarya Buyuksehir"]
[BlackTeam "Genclik Mudurlugu"]
[WhiteTeamCountry "TUR"]
[BlackTeamCountry "TUR"]

1. d4 Nf6 2. Nf3 c5 3. e3 d5 4. b3 Nc6 5. Bb2 Bg4 6. Bd3 e6 7. a3 Bd6 8. Nbd2 0-0 9. 0-0 Qc7 10. h3 Bh5 11. c4 cxd4 12. exd4 Rac8 13. Qc2 a6 14. Rfe1 Qb8 15. Ne5 b5 16. c5 Bc7 17. f4 Nxe5 18. fxe5 Nd7 19. Bxh7+ Kh8 20. Bd3 f6 21. exf6 Rxf6 22. Nf1 Rcf8 23. Qc1 Bf4 24. Ne3 Bg5 25. Rf1 Qg3 26. Nf5 Rxf5 27. Qe1 Qxd3 0-1

[Event "TUR-chT 2nd League"]
[Site "Konya"]
[Date "2017.07.22"]
[Round "8.11"]
[White "Bektas, Yaren"]
[Black "Aladag, Begum"]
[Result "1/2-1/2"]
[WhiteElo "1139"]
[BlackElo "1379"]
[PlyCount "143"]
[EventDate "2017.07.17"]
[EventType "team-swiss"]
[EventRounds "9"]
[EventCountry "TUR"]
[SourceTitle "CBM 179 Extra"]
[Source "ChessBase"]
[SourceDate "2017.08.23"]
[SourceVersion "1"]
[SourceVersionDate "2017.08.23"]
[SourceQuality "1"]
[WhiteTeam "Corum Belediye"]
[BlackTeam "Mersin Zeka"]
[WhiteTeamCountry "TUR"]
[BlackTeamCountry "TUR"]

1. c4 Nf6 2. Nc3 e5 3. Nf3 Nc6 4. g3 d5 5. cxd5 Nxd5 6. Nxd5 Qxd5 7. Bg2 Bg4 8. 0-0 Qd7 9. Re1 Bc5 10. Qc2 Bb6 11. a3 0-0 12. b4 Bxf3 13. Bxf3 Qd4 14. Bb2 Qd6 15. Be4 h6 16. Rab1 Rad8 17. Red1 Qf6 18. e3 Qe6 19. Rbc1 Rd6 20. b5 Na5 21. Bc3 Rfd8 22. Bxa5 Bxa5 23. Bxb7 Rxd2 24. Rxd2 Rxd2 25. Qc6 Qxc6 26. Rxc6 Rb2 27. a4 Rb4 28. Ra6 Bb6 29. Bf3 Rb1+ 30. Kg2 Rb2 31. Kf1 Ra2 32. Bd1 Kf8 33. Bb3 Rb2 34. Bd1 Ke7 35. Be2 Rb1+ 36. Kg2 Ra1 37. e4 Ra2 38. Kf1 Kd8 39. f3 Ra1+ 40. Kg2 Rg1+ 41. Kh3 Ke8 42. Bc4 Ke7 43. a5 Bc5 44. Rc6 Bd6 45. Ra6 Rc1 46. Bd3 Bc5 47. Rc6 Kd7 48. a6 Rc3 49. Be2 Rc1 50. Bd3 Rc3 51. Be2 Rc1 52. Bd3 Be3 53. Rxc1 Bxc1 54. g4 Bf4 55. Bc4 Ke7 56. Kg2 Kf6 57. h3 Kg6 58. Bb3 f6 59. Bc4 Kg5 60. Be6 g6 61. Bd7 h5 62. Be6 hxg4 63. hxg4 Kh6 64. Bd7 Kg7 65. Kf2 Kf8 66. Ke2 Ke7 67. Bc6 Kd6 68. Kd3 Kc5 69. Be8 g5 70. Ke2 Kc4 71. Bc6 Kc5 72. Be8 1/2-1/2

[Event "TUR-chT 2nd League"]
[Site "Konya"]
[Date "2017.07.20"]
[Round "5.15"]
[White "Basaran, Aylin"]
[Black "Bektas, Yaren"]
[Result "0-1"]
[WhiteElo "1402"]
[BlackElo "1139"]
[PlyCount "144"]
[EventDate "2017.07.17"]
[EventType "team-swiss"]
[EventRounds "9"]
[EventCountry "TUR"]
[SourceTitle "CBM 179 Extra"]
[Source "ChessBase"]
[SourceDate "2017.08.23"]
[SourceVersion "1"]
[SourceVersionDate "2017.08.23"]
[SourceQuality "1"]
[WhiteTeam "Adamlari Amator"]
[BlackTeam "Corum Belediye"]
[WhiteTeamCountry "TUR"]
[BlackTeamCountry "TUR"]

1. e4 c6 2. Nc3 d5 3. d4 dxe4 4. Nxe4 Bf5 5. Qf3 e6 6. Be3 Nf6 7. Bd3 Bb4+ 8. c3 Ba5 9. h3 Nxe4 10. Bxe4 Bxe4 11. Qxe4 Nd7 12. Nf3 Nf6 13. Qf4 Bc7 14. Ne5 Bxe5 15. dxe5 Nd5 16. Qg3 0-0 17. Rd1 Qc7 18. 0-0 Nxe3 19. Qxe3 Qb6 20. Rd2 Qxe3 21. fxe3 Rad8 22. Rfd1 Rd5 23. Kf2 Rxe5 24. Rd7 Rb5 25. b4 g6 26. g4 Rb8 27. e4 a5 28. Rb1 axb4 29. cxb4 c5 30. a4 Rxb4 31. Rxb4 cxb4 32. Rd4 b3 33. Rb4 Ra8 34. e5 b2 35. Kg3 Rxa4 36. Rxb2 Ra3+ 37. Kh4 Re3 38. Rb5 Kg7 39. g5 b6 40. Kg4 h6 41. h4 h5+ 42. Kf4 Rh3 43. Rxb6 Rxh4+ 44. Kf3 Rg4 45. Rb2 Rxg5 46. Kf4 Rf5+ 47. Ke4 g5 48. Rg2 g4 49. Rg3 Kg6 50. Rg2 Kg5 51. Rg1 h4 52. Rh1 g3 53. Ke3 g2 54. Rg1 Rf1 55. Rxg2+ Kf5 56. Rg7 Kxe5 57. Rh7 Rf4 58. Rh5+ f5 59. Rh6 Ra4 60. Kf3 h3 61. Kg3 Ra3+ 62. Kh2 Kd5 63. Rh5 Ke4 64. Rh4+ Kd5 65. Rh5 Rf3 66. Rh4 e5 67. Rh5 e4 68. Rh4 e3 69. Rh5 e2 70. Rh4 Rf2+ 71. Kg3 e1Q 72. Kxh3 Qe3# 0-1

[Event "TUR-chT 2nd League"]
[Site "Konya"]
[Date "2017.07.18"]
[Round "2.14"]
[White "Bektas, Yaren"]
[Black "Demirelli, Leman"]
[Result "0-1"]
[WhiteElo "1139"]
[BlackElo "1355"]
[PlyCount "65"]
[EventDate "2017.07.17"]
[EventType "team-swiss"]
[EventRounds "9"]
[EventCountry "TUR"]
[SourceTitle "CBM 179 Extra"]
[Source "ChessBase"]
[SourceDate "2017.08.23"]
[SourceVersion "1"]
[SourceVersionDate "2017.08.23"]
[SourceQuality "1"]
[WhiteTeam "Corum Belediye"]
[BlackTeam "Burdur Serenler"]
[WhiteTeamCountry "TUR"]
[BlackTeamCountry "TUR"]

1. e4 d5 2. exd5 Qxd5 3. Nc3 Qd8 4. Nf3 Nf6 5. Bc4 Bf5 6. d4 e6 7. Bf4 c6 8. 0-0 Be7 9. Nh4 Bg6 10. Nxg6 hxg6 11. Re1 Nbd7 12. Ne4 Nb6 13. Bb3 Nxe4 14. Rxe4 Nd5 15. Qf3 0-0 16. Qh3 Nf6 17. Re3 Qxd4 18. Be5 Qd8 19. Rd3 Qb6 20. Bd4 c5 21. Be5 Rad8 22. Rf3 Rd2 23. Rf4 Rfd8 24. g4 Rd1+ 25. Rxd1 Rxd1+ 26. Kg2 Bd6 27. Bxd6 Qxd6 28. Rf3 Rd4 29. Rg3 Qf4 30. g5 Nh5 31. Rc3 Qxg5+ 32. Kf1 Rd1+ 33. Ke2 0-1

[Event "TUR-chT 2nd League"]
[Site "Konya"]
[Date "2017.07.17"]
[Round "1.5"]
[White "Hafizoglu, Bengi"]
[Black "Bektas, Yaren"]
[Result "1-0"]
[WhiteElo "1415"]
[BlackElo "1139"]
[PlyCount "93"]
[EventDate "2017.07.17"]
[EventType "team-swiss"]
[EventRounds "9"]
[EventCountry "TUR"]
[SourceTitle "CBM 179 Extra"]
[Source "ChessBase"]
[SourceDate "2017.08.23"]
[SourceVersion "1"]
[SourceVersionDate "2017.08.23"]
[SourceQuality "1"]
[WhiteTeam "Mugla Ortaca Belediye"]
[BlackTeam "Corum Belediye"]
[WhiteTeamCountry "TUR"]
[BlackTeamCountry "TUR"]

1. d4 c6 2. Nf3 d5 3. c4 Nf6 4. Nc3 g6 5. Bf4 Bg7 6. e3 0-0 7. c5 Nbd7 8. Rb1 b6 9. b4 a5 10. a3 axb4 11. axb4 bxc5 12. bxc5 Ba6 13. Bxa6 Rxa6 14. 0-0 Ra3 15. Rb3 Qa5 16. Rxa3 Qxa3 17. Nb1 Qb4 18. Nbd2 Nh5 19. Bg5 e5 20. Qb1 Qa5 21. Qb7 Nb8 22. Be7 Re8 23. dxe5 Qa6 24. Qxa6 Nxa6 25. Bd6 Bf8 26. Nb3 f6 27. Bxf8 Kxf8 28. exf6 Nxf6 29. Nfd4 Rc8 30. Ra1 Nb4 31. Ra4 Rb8 32. g3 Ne4 33. Ra7 h6 34. f3 Ng5 35. h3 Nf7 36. Na5 Nd8 37. e4 Nd3 38. Naxc6 Nxc6 39. Nxc6 Rb1+ 40. Kg2 Nxc5 41. exd5 Rd1 42. Ne7 Kf7 43. Nf5+ Kf6 44. Ne3 Rd2+ 45. Kf1 Rd3 46. Ng4+ Kf5 47. Rf7+ 1-0